Missing Word: 'M' on Broadway Quiz Stats

 Plays Quiz Updated Aug 10, 2019

Score 0/15 Timer 01:30
2 Plays Today
Musical Missing Word % Correct
____ Fair LadyMy
99.6%
____ PoppinsMary
98.7%
____ Mia!Mamma
97.8%
Kiss ____, KateMe
97.7%
Les ____ Misérables
94.4%
____ SaigonMiss
93.9%
The Sound of ____Music
92.1%
____ Rouge!Moulin
89.5%
Musical Missing Word % Correct
The Full ____Monty
87.9%
The Book of ____Mormon
85.2%
____ a WishMake
83.7%
Man of La ____Mancha
81.7%
____ RobertsMister
65.2%
Ain't ____Misbehavin'
65%
The Teahouse of the August ____Moon
61.9%

Today's Daily Dose

Missing Word
Celine Dion

Word Ladder
Dr. Seuss Books

Quick Pick
Cities in India

Get the Picture
'A' Actresses

You're not logged in!

Compare scores with friends on all Sporcle quizzes.
OR
Log In

Sporcle TV

Today on Sporcle TV


Watch our educational content, quiz creation guides, and fun videos on Sporcle TV.

Show Comments

Extras

Top Quizzes Today


Score Distribution

Your Account Isn't Verified!

In order to create a playlist on Sporcle, you need to verify the email address you used during registration. Go to your Sporcle Settings to finish the process.

Report this User

Report this user for behavior that violates our Community Guidelines.

Details: